[Event "FRA-chT2 0910"]
[Site "France"]
[Date "2009.10.17"]
[Round "2.3"]
[White "Lecuyer, Christian"]
[Black "Samoun, Florent"]
[Result "0-1"]
[WhiteElo "2219"]
[BlackElo "2121"]
[PlyCount "78"]
[EventDate "2009.09.27"]
[EventType "team"]
[EventRounds "11"]
[EventCountry "FRA"]
[Source "ChessBase"]
[SourceDate "2010.03.11"]

1. c4 Nf6 2. Nc3 c5 3. Nf3 Nc6 4. d4 cxd4 5. Nxd4 g6 6. e4 d6 7. Be2 Bg7 8. Be3
Bd7 9. O-O O-O 10. Rc1 Rc8 11. h3 Nxd4 12. Bxd4 Bc6 13. Qd3 e6 14. Rfd1 Qc7 15.
b4 b6 16. Be3 Rfd8 17. Bg5 h6 18. Bh4 Qb8 19. Bg3 Qa8 20. Bf3 Bf8 21. Qe3 Bb7
22. Qf4 Rxc4 23. Qxf6 Bg7 24. Qe7 Rxc3 25. Rxc3 Bxc3 26. Rxd6 Rxd6 27. Bxd6 Bg7
28. b5 Bf8 29. Qxf8+ Qxf8 30. Bxf8 Kxf8 31. e5 Bxf3 32. gxf3 g5 33. Kg2 Kg7 34.
f4 Kg6 35. Kg3 Kf5 36. fxg5 hxg5 37. h4 gxh4+ 38. Kxh4 Kxe5 39. Kg5 f5 0-1

[Event "FRA-chT2 0910"]
[Site "France"]
[Date "2009.10.17"]
[Round "2.3"]
[White "Mandarin, Vitomir"]
[Black "Pozdnjakov, Viatcheslav"]
[Result "1/2-1/2"]
[WhiteElo "2165"]
[BlackElo "2215"]
[PlyCount "128"]
[EventDate "2009.09.27"]
[EventType "team"]
[EventRounds "11"]
[EventCountry "FRA"]
[Source "ChessBase"]
[SourceDate "2010.03.11"]

1. d4 d5 2. c4 c6 3. Nc3 Nf6 4. e3 Bf5 5. Nf3 e6 6. Bd3 Bxd3 7. Qxd3 Nbd7 8.
O-O Bb4 9. Bd2 Bxc3 10. Bxc3 Ne4 11. Bb4 Qb6 12. Ba3 Qa6 13. Rac1 Nb6 14. Ne5
f6 15. f3 Ng5 16. h4 fxe5 17. hxg5 Nxc4 18. Bb4 Qb6 19. Bc5 Qxb2 20. Rxc4 dxc4
21. Qxc4 Kf7 22. f4 Rhe8 23. f5 b5 24. Qd3 Qxa2 25. g6+ hxg6 26. fxg6+ Kg8 27.
Qe4 Rf8 28. Bxf8 Rxf8 29. Rxf8+ Kxf8 30. Qf3+ Ke7 31. Qf7+ Kd6 32. Qxg7 Qb1+
33. Kh2 Qf5 34. dxe5+ Kd5 35. Qf6 Qh5+ 36. Kg3 b4 37. Qf3+ Qxf3+ 38. gxf3 b3
39. g7 b2 40. g8=Q b1=Q 41. Qd8+ Kc4 42. Qd4+ Kb5 43. e4 a5 44. Qa7 Qc1 45.
Qb7+ Ka4 46. Kg4 Qc5 47. Qb1 Ka3 48. f4 a4 49. Kg5 Qc3 50. Kf6 c5 51. f5 exf5
52. exf5 c4 53. Ke6 Qb3 54. Qc1+ Ka2 55. f6 c3+ 56. Ke7 Qa3+ 57. Qxa3+ Kxa3 58.
f7 c2 59. f8=Q c1=Q 60. e6 Qc5+ 61. Kf7 Qxf8+ 62. Kxf8 Kb2 63. e7 a3 64. e8=Q
a2 1/2-1/2

[Event "FRA-chT2 0910"]
[Site "France"]
[Date "2009.10.17"]
[Round "2.3"]
[White "Marzolf, Bruno"]
[Black "Joie, Sebastien"]
[Result "1-0"]
[WhiteElo "2242"]
[BlackElo "2113"]
[PlyCount "89"]
[EventDate "2009.09.27"]
[EventType "team"]
[EventRounds "11"]
[EventCountry "FRA"]
[Source "ChessBase"]
[SourceDate "2010.03.11"]

1. e4 d6 2. d4 Nf6 3. Nc3 e5 4. Nf3 Nbd7 5. Bc4 Be7 6. O-O O-O 7. Re1 c6 8. a4
b6 9. b3 a6 10. d5 c5 11. Nd2 Ne8 12. Bf1 Bg5 13. Nc4 Bxc1 14. Qxc1 g6 15. g3
Ndf6 16. Bg2 Nh5 17. Rf1 Ra7 18. f4 f6 19. Qd2 Raf7 20. Qe2 Re7 21. Qf3 Rff7
22. Qd3 Qc7 23. Rab1 Bd7 24. f5 b5 25. axb5 axb5 26. Ne3 Qb6 27. Kh1 b4 28. Nc4
Qb8 29. fxg6 hxg6 30. Nd1 Rh7 31. Kg1 f5 32. exf5 gxf5 33. Rxf5 Bxf5 34. Qxf5
Nhg7 35. Qg6 Rf7 36. Be4 Rh5 37. Nde3 Qc8 38. Ng4 Kf8 39. Nxd6 Nxd6 40. Qxd6+
Kg8 41. Nf6+ Rxf6 42. Qxf6 Qh3 43. Qd8+ Kf7 44. Rf1+ Nf5 45. Rxf5+ 1-0

[Event "FRA-chT2 0910"]
[Site "France"]
[Date "2009.10.17"]
[Round "2.3"]
[White "Passager, Jean Pierre"]
[Black "Gaudineau, Eric"]
[Result "0-1"]
[WhiteElo "2215"]
[BlackElo "2321"]
[PlyCount "68"]
[EventDate "2009.09.27"]
[EventType "team"]
[EventRounds "11"]
[EventCountry "FRA"]
[Source "ChessBase"]
[SourceDate "2010.03.11"]

1. d4 Nf6 2. c4 e6 3. Nf3 d5 4. Nc3 c6 5. cxd5 exd5 6. Qc2 Bd6 7. Bg5 Nbd7 8.
e3 Nf8 9. Bd3 Ng6 10. h4 h6 11. Bxg6 hxg5 12. Nxg5 fxg6 13. Qxg6+ Kd7 14. Nf7
Qf8 15. Nxh8 Qxh8 16. g4 Kc7 17. g5 Ne4 18. Nxe4 dxe4 19. h5 Qf8 20. Qxe4 Bf5
21. Qf3 Bb4+ 22. Kf1 Re8 23. Rh4 Bd3+ 24. Kg2 Qe7 25. Qg4 Qd8 26. Qg3+ Kb6 27.
h6 gxh6 28. Rxh6 Qd5+ 29. Kg1 Bf8 30. Rh4 Bd6 31. f4 Qe4 32. Rd1 Bc4 33. Rd2
Qb1+ 34. Kf2 Qf1# 0-1

[Event "FRA-chT2 0910"]
[Site "France"]
[Date "2009.10.17"]
[Round "2.3"]
[White "Ruffenach, Alain"]
[Black "Okhotnik, Vladimir"]
[Result "0-1"]
[WhiteElo "2023"]
[BlackElo "2447"]
[PlyCount "93"]
[EventDate "2009.09.27"]
[EventType "team"]
[EventRounds "11"]
[EventCountry "FRA"]
[Source "ChessBase"]
[SourceDate "2010.03.11"]
[BlackTeam "Meaux"]

1. e4 g6 2. d4 Bg7 3. Nf3 c6 4. Bd3 d6 5. O-O Bg4 6. c3 e5 7. dxe5 dxe5 8. h3
Bc8 9. Bc4 Qxd1 10. Rxd1 f6 11. a4 Nd7 12. Be3 Bh6 13. Bxh6 Nxh6 14. Nbd2 Ke7
15. a5 Nf8 16. b4 Ne6 17. Nb3 Nf7 18. Bxe6 Bxe6 19. Nc5 Nd6 20. Nd2 Bf7 21. f4
exf4 22. e5 fxe5 23. Re1 Kf6 24. Nd7+ Kg7 25. Nxe5 g5 26. a6 b6 27. Ndf3 Bd5
28. Nxg5 Rhe8 29. Ngf3 Nf5 30. Nd3 Bxf3 31. gxf3 Re3 32. Nxf4 Rxf3 33. Rf1 Rxc3
34. Ne2 Rc2 35. Rxf5 Rxe2 36. Rd1 Rae8 37. b5 cxb5 38. Kf1 b4 39. Rb5 R2e4 40.
Rd7+ R8e7 41. Rxe7+ Rxe7 42. Rxb4 Rc7 43. Rd4 Kf6 44. Rd8 Ke7 45. Rb8 Kd6 46.
Ra8 Kc6 47. Ke2 0-1

[Event "FRA-chT2 0910"]
[Site "France"]
[Date "2009.10.17"]
[Round "2.4"]
[White "Amoyal, Pierre"]
[Black "Simon, Leopold"]
[Result "1-0"]
[WhiteElo "2202"]
[BlackElo "2109"]
[PlyCount "93"]
[EventDate "2009.09.27"]
[EventType "team"]
[EventRounds "11"]
[EventCountry "FRA"]
[Source "ChessBase"]
[SourceDate "2010.03.11"]

1. d4 e6 2. c4 d5 3. Nc3 Nf6 4. Nf3 Nbd7 5. Bf4 c6 6. Qb3 dxc4 7. Qxc4 Nd5 8.
Bd2 N7f6 9. e3 Nxc3 10. bxc3 Ne4 11. Bd3 Qd5 12. O-O Qxc4 13. Bxc4 Bd6 14. a4
O-O 15. Rfb1 Nxd2 16. Nxd2 b6 17. Be2 Bd7 18. a5 Bc7 19. Bf3 Rfd8 20. g3 Be8
21. Bg2 Rab8 22. axb6 axb6 23. Ra7 Rdc8 24. f4 Kf8 25. Nc4 b5 26. Ne5 Bxe5 27.
fxe5 Ra8 28. Rxa8 Rxa8 29. Be4 Ra2 30. Bd3 Rd2 31. Bf1 Rc2 32. Rb3 f6 33. exf6
gxf6 34. Bd3 Rc1+ 35. Kf2 Bg6 36. e4 Ke7 37. Ke3 Re1+ 38. Kf3 Rd1 39. Be2 Bh5+
40. g4 Bxg4+ 41. Kxg4 Rg1+ 42. Kf3 Rc1 43. h4 Rg1 44. h5 Kd6 45. Ra3 Rg5 46.
Ke3 Rg7 47. Ra8 1-0

[Event "FRA-chT2 0910"]
[Site "France"]
[Date "2009.10.17"]
[Round "2.4"]
[White "Blanche, Paul"]
[Black "Grill, Marc"]
[Result "0-1"]
[WhiteElo "2120"]
[BlackElo "2199"]
[PlyCount "74"]
[EventDate "2009.09.27"]
[EventType "team"]
[EventRounds "11"]
[EventCountry "FRA"]
[Source "ChessBase"]
[SourceDate "2010.03.11"]

1. d4 Nf6 2. c4 e6 3. Nc3 Bb4 4. e3 b6 5. Nge2 Ba6 6. a3 Bxc3+ 7. Nxc3 d5 8.
Qf3 O-O 9. e4 Bxc4 10. Bxc4 dxc4 11. Bg5 Qxd4 12. Rd1 Qe5 13. Bf4 Qh5 14. Qxh5
Nxh5 15. Bxc7 Nc6 16. g4 Rfc8 17. Bd6 Nf6 18. f3 Rd8 19. Kf2 Rd7 20. e5 Ne8 21.
Ne4 Nxd6 22. exd6 Ne5 23. Rd4 Rad8 24. Rhd1 Nd3+ 25. Ke3 f5 26. Nc3 Rxd6 27.
Rxd6 Rxd6 28. b3 a6 29. bxc4 Ne5 30. Rd4 Rxd4 31. Kxd4 Nxf3+ 32. Ke3 fxg4 33.
Na4 b5 34. c5 Kf7 35. c6 Ke7 36. Nc5 Kd6 37. a4 bxa4 0-1

[Event "FRA-chT2 0910"]
[Site "France"]
[Date "2009.10.17"]
[Round "2.4"]
[White "Boyd, Stephen"]
[Black "Rodriguez, Angel"]
[Result "1/2-1/2"]
[WhiteElo "2310"]
[BlackElo "2096"]
[PlyCount "91"]
[EventDate "2009.09.27"]
[EventType "team"]
[EventRounds "11"]
[EventCountry "FRA"]
[Source "ChessBase"]
[SourceDate "2010.03.11"]

1. c4 e5 2. g3 Nf6 3. Bg2 Nc6 4. Nc3 Bb4 5. Nd5 a5 6. Nxb4 axb4 7. d3 O-O 8.
Nf3 d5 9. cxd5 Qxd5 10. b3 e4 11. Ng5 Qd4 12. Be3 Qc3+ 13. Bd2 Qb2 14. Nxe4
Nxe4 15. Bxe4 Bh3 16. e3 Rfe8 17. Qb1 Qf6 18. f4 Qd6 19. Qc2 Ra5 20. Rc1 f5 21.
Bxc6 bxc6 22. a4 Rd5 23. Qxc6 Qxc6 24. Rxc6 Rxd3 25. Ke2 Red8 26. Bxb4 Bg2 27.
Rhc1 Bxc6 28. Rxc6 Rxb3 29. Bc3 Ra3 30. Rxc7 Ra2+ 31. Kf3 Rd1 32. g4 Rf1+ 33.
Kg3 Rg1+ 34. Kh3 Rxg4 35. e4 Rxa4 36. exf5 Raxf4 37. Rc8+ Kf7 38. Rc7+ Kf8 39.
Rc8+ Ke7 40. Rc7+ Kf8 41. Rc8+ Ke7 42. Rc7+ Kd6 43. Rxg7 Rxg7 44. Bxg7 Rxf5 45.
Kg4 Rb5 46. Bh6 1/2-1/2

[Event "FRA-chT2 0910"]
[Site "France"]
[Date "2009.10.17"]
[Round "2.4"]
[White "Castaignet, Laurent"]
[Black "Criton, Roland"]
[Result "1-0"]
[WhiteElo "2191"]
[BlackElo "1971"]
[PlyCount "83"]
[EventDate "2009.09.27"]
[EventType "team"]
[EventRounds "11"]
[EventCountry "FRA"]
[Source "ChessBase"]
[SourceDate "2010.03.11"]

1. e4 c6 2. d4 d5 3. exd5 cxd5 4. Bd3 Nc6 5. c3 Nf6 6. h3 g6 7. Nf3 Bg7 8. O-O
O-O 9. Re1 Bf5 10. Bf1 Qc7 11. g3 Rfe8 12. Bf4 Qb6 13. Qb3 Qxb3 14. axb3 a5 15.
Na3 Nh5 16. Bc1 Bd7 17. Nc2 Nf6 18. Bf4 Rec8 19. Ne5 Nxe5 20. Bxe5 e6 21. Ra2
b5 22. Rea1 a4 23. Nb4 Ne4 24. Bxg7 Kxg7 25. Be2 Rc7 26. Kg2 Rca7 27. f3 a3 28.
Rxa3 Rxa3 29. Rxa3 Rxa3 30. bxa3 Nxc3 31. Bd3 Kf6 32. Kf2 e5 33. Ke3 Nd1+ 34.
Kd2 Nf2 35. Nxd5+ Ke6 36. Nc7+ Kd6 37. Nxb5+ Bxb5 38. Bxb5 exd4 39. b4 Nxh3 40.
Kd3 Kd5 41. Bc4+ Ke5 42. Bxf7 1-0

[Event "FRA-chT2 0910"]
[Site "France"]
[Date "2009.10.17"]
[Round "2.4"]
[White "Cau, Benjamin"]
[Black "Peter, Sebastien"]
[Result "0-1"]
[WhiteElo "2132"]
[BlackElo "2230"]
[PlyCount "82"]
[EventDate "2009.09.27"]
[EventType "team"]
[EventRounds "11"]
[EventCountry "FRA"]
[Source "ChessBase"]
[SourceDate "2010.03.11"]

1. e4 e6 2. d4 d5 3. e5 c5 4. c3 Nc6 5. Nf3 Qb6 6. a3 Nh6 7. b4 cxd4 8. cxd4
Nf5 9. Be3 f6 10. exf6 gxf6 11. Nc3 Nxe3 12. fxe3 Bh6 13. Qd2 O-O 14. Bd3 Ne7
15. O-O e5 16. Bc2 e4 17. Ne1 Qd6 18. g3 Bh3 19. Ng2 Kh8 20. Ne2 Rg8 21. Nef4
Bxf4 22. Rxf4 Bxg2 23. Qxg2 Rac8 24. Raf1 f5 25. Qd2 Qc6 26. Bd1 Qc3 27. Qf2
Qxa3 28. Bh5 Rc1 29. Bd1 Qxb4 30. Kh1 Qb1 31. Qe2 Qd3 32. Qh5 Qxe3 33. Qf7 Rg7
34. Qf8+ Ng8 35. Rxf5 Qxd4 36. Bh5 Rxf1+ 37. Rxf1 e3 38. Rf7 Rxf7 39. Bxf7 Qg7
40. Qe8 e2 41. Bxg8 Qa1+ 0-1

[Event "FRA-chT2 0910"]
[Site "France"]
[Date "2009.10.17"]
[Round "2.4"]
[White "Dionisi, Thomas"]
[Black "Bousmaha, Abderahmane"]
[Result "1-0"]
[WhiteElo "2105"]
[BlackElo "2053"]
[PlyCount "143"]
[EventDate "2009.09.27"]
[EventType "team"]
[EventRounds "11"]
[EventCountry "FRA"]
[Source "ChessBase"]
[SourceDate "2010.03.11"]

1. e4 c5 2. Nf3 Nc6 3. Bb5 Na5 4. O-O a6 5. Be2 Nf6 6. e5 Nd5 7. d4 cxd4 8.
Qxd4 e6 9. c4 Nc6 10. Qg4 f5 11. Qg3 Nde7 12. Bg5 Qb6 13. Nbd2 Ng6 14. c5 Bxc5
15. Nc4 Qc7 16. h4 O-O 17. Rac1 f4 18. Qh2 d5 19. h5 Nh8 20. Ncd2 Nxe5 21. b4
Bxf2+ 22. Kh1 Qb6 23. Nxe5 Bg3 24. Qg1 Qxb4 25. Ndf3 Qa4 26. h6 gxh6 27. Bxh6
Rf5 28. Bg5 Qe8 29. Qd4 Qh5+ 30. Kg1 Rxg5 31. Rc7 Rxe5 32. Qxe5 Qxe5 33. Nxe5
f3 34. Rxf3 Bxe5 35. Re7 Ng6 36. Re8+ Kg7 37. Bd3 Bf6 38. Bxg6 hxg6 39. g4 g5
40. Rf1 Kf7 41. Rh8 Kg6 42. Rg8+ Kh7 43. Re8 Bd4+ 44. Kg2 b6 45. Rff8 Bc5 46.
Rxc8 Rxc8 47. Rxc8 Kg7 48. Kf3 Kf6 49. a4 a5 50. Rd8 Bg1 51. Rd7 Bd4 52. Ke2
Ke5 53. Kf3 Bc3 54. Rg7 Bd2 55. Rb7 Kd4 56. Rxb6 e5 57. Ke2 Bf4 58. Rb5 Ke4 59.
Rxa5 d4 60. Rb5 d3+ 61. Kf2 Be3+ 62. Ke1 Kf4 63. a5 e4 64. a6 Kxg4 65. Rb7 Kf3
66. Rf7+ Kg3 67. a7 Bxa7 68. Rxa7 e3 69. Rd7 d2+ 70. Ke2 Kf4 71. Rd4+ Ke5 72.
Kxe3 1-0

[Event "FRA-chT2 0910"]
[Site "France"]
[Date "2009.10.17"]
[Round "2.4"]
[White "Grizou, Regis"]
[Black "Jeanjean, Dominique"]
[Result "1-0"]
[WhiteElo "2178"]
[BlackElo "2104"]
[PlyCount "123"]
[EventDate "2009.09.27"]
[EventType "team"]
[EventRounds "11"]
[EventCountry "FRA"]
[Source "ChessBase"]
[SourceDate "2010.03.11"]

1. d4 Nf6 2. Nf3 d5 3. c4 e6 4. Bg5 Be7 5. e3 h6 6. Bh4 O-O 7. Nc3 b6 8. Qc2
Bb7 9. Bxf6 Bxf6 10. cxd5 exd5 11. g4 c5 12. O-O-O Nd7 13. h4 cxd4 14. exd4 Re8
15. Bb5 g6 16. g5 hxg5 17. h5 Kg7 18. Rdg1 Re4 19. hxg6 fxg6 20. Bxd7 Qxd7 21.
Nxg5 Bxg5+ 22. Rxg5 Re6 23. f4 Qe7 24. Qf2 Re8 25. Qh4 Re1+ 26. Rxe1 Qxe1+ 27.
Qxe1 Rxe1+ 28. Kd2 Rf1 29. Ke3 Kf6 30. Nxd5+ Bxd5 31. Rxd5 Re1+ 32. Kd3 Rf1 33.
Rd7 Rxf4 34. Rxa7 Rf2 35. b3 g5 36. Ra6 Kf5 37. Ke3 Rc2 38. Rxb6 Rxa2 39. Rb5+
Kf6 40. Rc5 Rb2 41. Rc3 Ke6 42. Ke4 Kd6 43. Kd3 Rf2 44. Kc4 Rf8 45. Rg3 Rc8+
46. Kd3 Rb8 47. Rxg5 Rxb3+ 48. Kc4 Rh3 49. Rg6+ Kc7 50. Kc5 Rh5+ 51. d5 Rh7 52.
Ra6 Rh5 53. Ra7+ Kb8 54. Rg7 Rf5 55. Kc6 Rf1 56. Rg8+ Ka7 57. d6 Rf6 58. Kc7
Rf1 59. d7 Rc1+ 60. Kd6 Rd1+ 61. Kc6 Rc1+ 62. Kb5 1-0

[Event "FRA-chT2 0910"]
[Site "France"]
[Date "2009.10.17"]
[Round "2.4"]
[White "Hameau, Cyril"]
[Black "Lemoine, Thomas"]
[Result "1/2-1/2"]
[WhiteElo "2038"]
[BlackElo "2004"]
[PlyCount "93"]
[EventDate "2009.09.27"]
[EventType "team"]
[EventRounds "11"]
[EventCountry "FRA"]
[Source "ChessBase"]
[SourceDate "2010.03.11"]

1. d4 Nf6 2. Bg5 e6 3. e4 h6 4. Bxf6 Qxf6 5. Nf3 c5 6. e5 Qd8 7. d5 exd5 8.
Qxd5 Be7 9. Bd3 Nc6 10. Bc4 O-O 11. Nc3 d6 12. Qe4 dxe5 13. g4 Bg5 14. h4 Bf4
15. Rg1 Nd4 16. Nxd4 cxd4 17. Nd5 Qxh4 18. Nxf4 exf4 19. O-O-O Qg5 20. Rxd4
Bxg4 21. Bd3 f3+ 22. Kb1 f5 23. Qxb7 Qf6 24. c3 Rfd8 25. Bc4+ Kh7 26. Rgd1 h5
27. Bb3 h4 28. Bc2 Kh6 29. Qc7 Rxd4 30. Rxd4 g6 31. Rd7 Re8 32. a4 h3 33. Ka2
Re1 34. Qf4+ g5 35. Qc7 Qg6 36. Bb3 f4 37. Rd6 Be6 38. Bxe6 Rxe6 39. Rd8 Qg7
40. Qc8 Qe7 41. Rh8+ Kg6 42. Qg8+ Kf5 43. Rxh3 Qd7 44. Rh5 Qd5+ 45. Ka3 Qc5+
46. Ka2 Qd5+ 47. Ka3 1/2-1/2

[Event "FRA-chT2 0910"]
[Site "France"]
[Date "2009.10.17"]
[Round "2.4"]
[White "Loiseau, Quentin"]
[Black "Baudon, Sebastien"]
[Result "1-0"]
[WhiteElo "2120"]
[BlackElo "2006"]
[PlyCount "121"]
[EventDate "2009.09.27"]
[EventType "team"]
[EventRounds "11"]
[EventCountry "FRA"]
[Source "ChessBase"]
[SourceDate "2010.03.11"]

1. Nf3 c5 2. e4 Nc6 3. d4 cxd4 4. Nxd4 Nf6 5. Nc3 e5 6. Ndb5 d6 7. Bg5 a6 8.
Na3 b5 9. Bxf6 gxf6 10. Nd5 Bg7 11. Bd3 Be6 12. O-O Bxd5 13. exd5 Ne7 14. Qg4
Kf8 15. c4 h5 16. Qf3 Qd7 17. cxb5 f5 18. Bc4 Rb8 19. Qe2 axb5 20. Bxb5 Qb7 21.
Rfd1 Rh6 22. Qd2 Rg6 23. Rab1 f4 24. Be2 h4 25. h3 Bh6 26. Qd3 f5 27. Kh1 e4
28. Qa6 Qd7 29. f3 Ng8 30. fxe4 fxe4 31. Bg4 Qe7 32. Nc4 Bg7 33. Rf1 Be5 34.
Nxe5 Qxe5 35. Rxf4+ Qxf4 36. Rf1 Qxf1+ 37. Qxf1+ Rf6 38. Qe2 Rb4 39. a3 Rd4 40.
Be6 Ne7 41. Qh5 Ng6 42. Kh2 Kg7 43. Qe2 Ne5 44. b4 Nf3+ 45. gxf3 exf3 46. Qe3
Rff4 47. Bg4 f2 48. Qe7+ Rf7 49. Qg5+ Kf8 50. Qh6+ Kg8 51. Qg6+ Kf8 52. Qxd6+
Kg8 53. Qg6+ Kf8 54. Qh6+ Kg8 55. Qg5+ Kf8 56. Be2 Rd1 57. Qd8+ Kg7 58. Qg5+
Kf8 59. Qxh4 Re1 60. d6 f1=Q 61. Qh8# 1-0

[Event "FRA-chT2 0910"]
[Site "France"]
[Date "2009.10.17"]
[Round "2.4"]
[White "Luce, Sebastien"]
[Black "Helfer, Remi"]
[Result "1/2-1/2"]
[WhiteElo "2330"]
[BlackElo "2017"]
[PlyCount "77"]
[EventDate "2009.09.27"]
[EventType "team"]
[EventRounds "11"]
[EventCountry "FRA"]
[Source "ChessBase"]
[SourceDate "2010.03.11"]

1. Nf3 d6 2. d4 g6 3. c4 f5 4. Nc3 Nf6 5. g3 Bg7 6. Bg2 O-O 7. O-O Qe8 8. d5 a5
9. Nd4 Na6 10. b3 h6 11. Bb2 g5 12. e3 f4 13. exf4 gxf4 14. Ne6 Bxe6 15. dxe6
Nc5 16. Nd5 Nxd5 17. Bxg7 Kxg7 18. cxd5 Qg6 19. g4 Nd3 20. f3 Ne5 21. Qd4 h5
22. h3 Rf6 23. Rae1 Raf8 24. Rxe5 dxe5 25. Qxe5 hxg4 26. fxg4 Kg8 27. Be4 Qg7
28. Rf3 Rh6 29. Qxg7+ Kxg7 30. Kg2 Rhh8 31. Bf5 Kf6 32. Rxf4 Ke5 33. Rc4 Kd6
34. Kg3 Rhg8 35. Kf4 Rh8 36. Kg3 Rhg8 37. Kf4 Rh8 38. Kg3 Rhg8 39. Kf4 1/2-1/2

[Event "FRA-chT2 0910"]
[Site "France"]
[Date "2009.10.17"]
[Round "2.4"]
[White "Luco, Alain"]
[Black "Valette, Christian"]
[Result "1-0"]
[WhiteElo "2139"]
[BlackElo "2087"]
[PlyCount "111"]
[EventDate "2009.09.27"]
[EventType "team"]
[EventRounds "11"]
[EventCountry "FRA"]
[Source "ChessBase"]
[SourceDate "2010.03.11"]

1. e4 e6 2. d4 d5 3. e5 c5 4. c3 Qb6 5. Nf3 Nc6 6. a3 Nh6 7. b4 cxd4 8. cxd4
Nf5 9. Bb2 Be7 10. Bd3 a5 11. Qa4 O-O 12. b5 Rd8 13. O-O Nb8 14. Nc3 g6 15. Qc2
Nd7 16. Ne2 a4 17. Nf4 Nf8 18. Rfc1 Bd7 19. Qc7 Qxc7 20. Rxc7 Rdb8 21. Rac1 Bd8
22. R7c2 Bb6 23. g4 Ne7 24. h4 Rc8 25. h5 Rxc2 26. Rxc2 Rc8 27. Rxc8 Nxc8 28.
Ne2 Na7 29. Nc3 Ba5 30. Nxa4 Bxb5 31. Bxb5 Nxb5 32. Nc5 b6 33. Nb7 Nd7 34. h6
Na7 35. Nd6 Nc6 36. g5 Ndb8 37. Kf1 Nd7 38. Ke2 Kf8 39. Kd3 Ke7 40. Kc2 Na7 41.
Nb7 Nb8 42. Nh2 Be1 43. Ng4 Nd7 44. Nd6 Kf8 45. Bc3 Bxc3 46. Kxc3 Nc6 47. Nf6
Nxf6 48. gxf6 Kg8 49. Nc8 Kf8 50. Nxb6 Ke8 51. Nc8 Kd7 52. Nd6 Nd8 53. Kb4 Kc6
54. Ka5 Kc7 55. Kb5 Nc6 56. Kc5 1-0

[Event "FRA-chT2 0910"]
[Site "France"]
[Date "2009.10.17"]
[Round "2.4"]
[White "Lutz, Eric"]
[Black "Loukili, Abdelillah"]
[Result "1-0"]
[WhiteElo "2223"]
[BlackElo "2108"]
[PlyCount "81"]
[EventDate "2009.09.27"]
[EventType "team"]
[EventRounds "11"]
[EventCountry "FRA"]
[Source "ChessBase"]
[SourceDate "2010.03.11"]

1. d4 Nf6 2. c3 g6 3. Bg5 Ne4 4. Bf4 Bg7 5. f3 Nf6 6. e4 d6 7. Bc4 c6 8. Ne2 b5
9. Bb3 Nbd7 10. Qd2 a5 11. Bh6 O-O 12. g4 a4 13. Bc2 e5 14. h4 Re8 15. h5 Nf8
16. Ng3 exd4 17. hxg6 fxg6 18. cxd4 Qa5 19. Nc3 Ra7 20. Bf4 d5 21. g5 N6d7 22.
Bd6 Re6 23. e5 Nb6 24. b4 axb3 25. Bxb3 Rd7 26. O-O Rexd6 27. exd6 Ne6 28. Nge2
b4 29. Ne4 Nc4 30. Bxc4 dxc4 31. a3 Qb6 32. Qxb4 Bxd4+ 33. Nxd4 Qxd4+ 34. Kh1
Nxg5 35. Rad1 Qg7 36. Qxc4+ Kf8 37. Kg2 Qe5 38. Qc5 Qb2+ 39. Rf2 Qb3 40. Qxc6
Rd8 41. d7 1-0

[Event "FRA-chT2 0910"]
[Site "France"]
[Date "2009.10.17"]
[Round "2.4"]
[White "Maleki, Manuel"]
[Black "Bodenez, Claire"]
[Result "1-0"]
[WhiteElo "2258"]
[BlackElo "2034"]
[PlyCount "81"]
[EventDate "2009.09.27"]
[EventType "team"]
[EventRounds "11"]
[EventCountry "FRA"]
[Source "ChessBase"]
[SourceDate "2010.03.11"]

1. d4 d5 2. c4 c6 3. Nf3 Nf6 4. e3 e6 5. Nc3 Nbd7 6. Qc2 Be7 7. b3 b6 8. Bb2
Bb7 9. Be2 O-O 10. O-O dxc4 11. bxc4 c5 12. Rad1 Qb8 13. d5 exd5 14. cxd5 a6
15. a4 Re8 16. Rfe1 Bd6 17. Bf1 Bc8 18. h3 h6 19. Nd2 Be5 20. Nc4 Bxc3 21. Qxc3
b5 22. Na5 Qb6 23. Nc6 Bb7 24. e4 Bxc6 25. dxc6 Ne5 26. Qg3 Nh5 27. Qh4 Nf6 28.
Qf4 Ng6 29. Qg3 Nxe4 30. Qf3 Ng5 31. Qc3 f6 32. Qb3+ Nf7 33. Rd7 Ngh8 34. Rxe8+
Rxe8 35. Bc1 Rf8 36. axb5 axb5 37. c7 Qc6 38. Bxb5 Qa8 39. Bc4 Qe8 40. Rd8 Qe1+
41. Bf1 1-0

[Event "FRA-chT2 0910"]
[Site "France"]
[Date "2009.10.17"]
[Round "2.4"]
[White "Pascal Mousselard, Philippe"]
[Black "Champ, Gael"]
[Result "1-0"]
[WhiteElo "1918"]
[BlackElo "2108"]
[PlyCount "101"]
[EventDate "2009.09.27"]
[EventType "team"]
[EventRounds "11"]
[EventCountry "FRA"]
[Source "ChessBase"]
[SourceDate "2010.03.11"]

1. b3 Nf6 2. Bb2 g6 3. Bxf6 exf6 4. c4 Bg7 5. Nc3 O-O 6. e3 d6 7. d4 f5 8. Nge2
Re8 9. g3 c5 10. Bg2 cxd4 11. Nxd4 Nc6 12. Nde2 f4 13. gxf4 Bg4 14. Rc1 Qa5 15.
Qd2 Qh5 16. Ng3 Qh4 17. O-O g5 18. fxg5 Bh3 19. Nd5 Bxg2 20. Kxg2 Qxg5 21. Nc7
h5 22. Nxa8 h4 23. Qd5 Re5 24. f4 Rxd5 25. fxg5 Rxg5 26. Rf5 Rg6 27. Rcf1 Ne5
28. Nc7 hxg3 29. h3 Rh6 30. Rg5 Ng6 31. Nd5 Be5 32. Nf6+ Kh8 33. Rh5 Rxh5 34.
Nxh5 Nh4+ 35. Kg1 Kh7 36. Nf4 f6 37. Ng2 Ng6 38. Rd1 Kh6 39. c5 dxc5 40. Rd7 b5
41. Rxa7 c4 42. bxc4 bxc4 43. Ra4 c3 44. Rc4 Nf8 45. Nf4 Nd7 46. Nd3 Bb8 47.
Rxc3 Ba7 48. Nf4 Ne5 49. Kg2 f5 50. Ra3 Bb6 51. Nd5 1-0

[Event "FRA-chT2 0910"]
[Site "France"]
[Date "2009.10.17"]
[Round "2.4"]
[White "Prost, Frederic"]
[Black "Reichstein, Hans Joerg"]
[Result "1/2-1/2"]
[WhiteElo "2141"]
[BlackElo "2080"]
[PlyCount "109"]
[EventDate "2009.09.27"]
[EventType "team"]
[EventRounds "11"]
[EventCountry "FRA"]
[Source "ChessBase"]
[SourceDate "2010.03.11"]

1. d4 Nf6 2. c4 e6 3. Nf3 Bb4+ 4. Nbd2 O-O 5. a3 Be7 6. g3 b6 7. Bg2 Bb7 8. O-O
d6 9. b4 Nbd7 10. Bb2 Re8 11. Qc2 c5 12. e4 Qc7 13. bxc5 bxc5 14. d5 exd5 15.
exd5 Bf8 16. h3 g6 17. Ng5 Bg7 18. Rab1 Re7 19. f4 Rae8 20. g4 Re2 21. Bf3 R2e3
22. Kf2 Ba6 23. Qa4 Qc8 24. Qc2 Nb6 25. a4 h6 26. a5 Nbd7 27. Nge4 Nxe4+ 28.
Nxe4 Bd4 29. Bxd4 cxd4 30. Nxd6 d3 31. Nxc8 dxc2 32. Rbc1 Bxc8 33. Rxc2 Nc5 34.
Rb1 Nb3 35. Rd1 Nc5 36. d6 Bd7 37. Rd5 Nd3+ 38. Rxd3 Rxd3 39. c5 Ree3 40. Bg2
Rc3 41. Rb2 Red3 42. Ke2 Rg3 43. Kf2 Rxg2+ 44. Kxg2 Rxc5 45. Kg3 Rxa5 46. Rb7
Bc6 47. d7 Bxd7 48. Rxd7 Ra3+ 49. Kg2 Kg7 50. Rc7 a5 51. Ra7 g5 52. f5 Kf6 53.
Rc7 a4 54. Rc6+ Ke5 55. Rc7 1/2-1/2

[Event "FRA-chT2 0910"]
[Site "France"]
[Date "2009.10.17"]
[Round "2.4"]
[White "Przymusinski, Nicolas"]
[Black "Therkildsen, Thomas"]
[Result "0-1"]
[WhiteElo "2156"]
[BlackElo "2306"]
[PlyCount "69"]
[EventDate "2009.09.27"]
[EventType "team"]
[EventRounds "11"]
[EventCountry "FRA"]
[Source "ChessBase"]
[SourceDate "2010.03.11"]

1. c4 Nf6 2. g3 Nc6 3. Bg2 e5 4. Nc3 Bb4 5. Nd5 Bc5 6. Nf3 d6 7. O-O O-O 8. d3
h6 9. a3 a5 10. e3 Ba7 11. Qd2 Be6 12. Ne1 Nd7 13. b4 axb4 14. axb4 Bxd5 15.
Bxd5 Bb6 16. Rxa8 Qxa8 17. Nc2 Ne7 18. Bg2 c6 19. d4 Rd8 20. Bb2 Qa2 21. Qc3
Qa7 22. c5 Bc7 23. Ra1 Qb8 24. f4 exf4 25. d5 f6 26. dxc6 bxc6 27. Nd4 fxg3 28.
Nxc6 gxh2+ 29. Kh1 Nxc6 30. Bxc6 dxc5 31. bxc5 Nxc5 32. Qc4+ Kh8 33. Bd4 Nb3
34. Rb1 Nd2 35. Qc2 0-1